FISH PROCESSING TECHNOLOGY (Record no. 216104)
[ view plain ]
| 000 -LEADER | |
|---|---|
| fixed length control field | 00442nam a22001577a 4500 |
| 008 - FIXED-LENGTH DATA ELEMENTS--GENERAL INFORMATION | |
| fixed length control field | 250916b |||||||| |||| 00| 0 eng d |
| 020 ## - INTERNATIONAL STANDARD BOOK NUMBER | |
| International Standard Book Number | 979-8-88715-057-4 |
| 100 ## - MAIN ENTRY--PERSONAL NAME | |
| Personal name | KENNEDY, ROBERT |
| 245 ## - TITLE STATEMENT | |
| Title | FISH PROCESSING TECHNOLOGY |
| 260 ## - PUBLICATION, DISTRIBUTION, ETC. | |
| Place of publication, distribution, etc. | DUBLIN |
| Name of publisher, distributor, etc. | ORYSON PRESS |
| Date of publication, distribution, etc. | 2023 |
| 300 ## - PHYSICAL DESCRIPTION | |
| Extent | X, 276P. |
| 500 ## - GENERAL NOTE | |
| General note | INCLUDES INDEX |
| 650 ## - SUBJECT ADDED ENTRY | |
| Topical term or geographic name entry element | 1.FISHERY PRODUCTS -PROCESSING. 2. FISH - PRESERVATION |
| 942 ## - ADDED ENTRY ELEMENTS (KOHA) | |
| Source of classification or shelving scheme | Library of Congress Classification |
| Koha item type | Long Loan Book |
| Withdrawn status | Lost status | Source of classification or shelving scheme | Damaged status | Not for loan | Home library | Current library | Date acquired | Inventory number | Total checkouts | Full call number | Barcode | Date last seen | Copy number | Price effective from | Koha item type |
|---|---|---|---|---|---|---|---|---|---|---|---|---|---|---|---|
| Library of Congress Classification | Kisii University Library | Kisii University Library | 09/16/2025 | 109505 | SH 334 .K46 2023 | 000000023878 | 09/16/2025 | 1 | 09/16/2025 | Long Loan Book | |||||
| Library of Congress Classification | Kisii University Library | Kisii University Library | 09/16/2025 | 109506 | SH 334 .K46 2023 | 000000023877 | 09/16/2025 | 2 | 09/16/2025 | Long Loan Book | |||||
| Library of Congress Classification | Kisii University Library | Kisii University Library | 09/16/2025 | 109507 | SH 334 .K46 2023 | 000000023876 | 09/16/2025 | 3 | 09/16/2025 | Long Loan Book | |||||
| Library of Congress Classification | Kisii University Library | Kisii University Library | 09/16/2025 | 109508 | SH 334 .K46 2023 | 000000024533 | 09/16/2025 | 4 | 09/16/2025 | Long Loan Book |